| 000 | 00912nam a2200241 a 4500 | ||
|---|---|---|---|
| 001 | BRCA_6967 | ||
| 005 | 20190321142929.0 | ||
| 008 | 221111s1940----sp-b######---#000-0#spa-# | ||
| 041 | _aspa | ||
| 044 | _asp | ||
| 050 | 4 | _b.M37 1940 | |
| 245 | 1 | 0 | _aMapa Firestone Hispania. |
| 250 | _a3 y 4 | ||
| 260 |
_aEspaña _b[Firestone] _c[1940] |
||
| 300 |
_a2 v. _b1 mapa _c26 cm. |
||
| 500 | _aMapa inventariado por Banco de México como libro | ||
| 500 | _aL174 | ||
| 501 | _av.1: Mapa Firestone Hispania. 4a ed. vol 2. Oviedo, León, Palencia, Santander, Bilbao, victoria, Burgos.-- v. 2: Mapa Firestone Hispania. | ||
| 505 | 0 | _aContiene: v.1. Mapa Firestone Hispania.--v.1.(3a. ed.) Cáceres, Madrid, Ciudad Real.-- v.2.Mapa Firestone Hispania.-- v.2.(4a. ed.) Oviedo, León, Palencia, Santander, Bilbao, Victoria, Burgos. | |
| 651 | 4 |
_aEspaña _vMapa _xCarreteras _917357 |
|
| 902 | _aGFM | ||
| 942 |
_2lcc _cB |
||
| 999 |
_c6648 _d6648 |
||